[Event "4NCL Division Four"]
[Site "Telford, ENG"]
[Date "2024.05.06"]
[Round "11.26"]
[White "Potter, Steven"]
[Black "Matilal, Tamal"]
[Result "1-0"]
[WhiteElo "1871"]
[BlackElo "1573"]
[PlyCount "85"]
[EventDate "2024.05.06"]
[WhiteTeam "Average Woodpushers"]
[BlackTeam "Oxford 3"]

1. d4 c5 2. d5 Nf6 3. Bg5 Ne4 4. h4 Nxg5 5. hxg5 e6 6. dxe6 fxe6 7. Nf3 Be7 8.
g6 h6 9. e3 Bf6 10. c3 d5 11. Nbd2 Nd7 12. Bd3 c4 13. Bc2 O-O 14. O-O Qc7 15.
Qe2 Ne5 16. Nxe5 Bxe5 17. Nf3 Bd6 18. e4 Bf4 19. e5 h5 20. g3 Bh6 21. Nd4 h4
22. Rae1 Bd7 23. Qh5 Qd8 24. Qg4 hxg3 25. fxg3 Rxf1+ 26. Rxf1 Be3+ 27. Kg2 Qg5
28. Qxg5 Bxg5 29. Rf7 Rd8 30. Ne2 Bc6 31. Nd4 Bd7 32. Ba4 Bc8 33. Ne2 a6 34.
Nf4 b5 35. Bd1 Bd7 36. Bg4 Bxf4 37. gxf4 Be8 38. Ra7 Bxg6 39. Bxe6+ Kh7 40. f5
Be8 41. f6 Bc6 42. Kg3 d4 43. fxg7 1-0

[Event "4NCL Division Four"]
[Site "Telford, ENG"]
[Date "2024.05.06"]
[Round "11.31"]
[White "Maung Maung Latt"]
[Black "Cave, Iwan"]
[Result "1/2-1/2"]
[WhiteElo "1944"]
[BlackElo "1971"]
[PlyCount "57"]
[EventDate "2024.05.06"]
[WhiteTeam "Coventry"]
[BlackTeam "ToBeDecided"]

1. d4 Nf6 2. Nf3 d5 3. e3 c5 4. b3 Nc6 5. a3 cxd4 6. exd4 Bg4 7. Be2 e6 8. O-O
Bd6 9. Bb2 Qc7 10. h3 Bf5 11. Nbd2 O-O 12. c4 dxc4 13. bxc4 Rfd8 14. Qa4 Bf4
15. Rfd1 Rac8 16. Nf1 Qd7 17. Qb3 Na5 18. Qc3 Nxc4 19. Bxc4 b5 20. Ne5 Bxe5 21.
dxe5 Nd5 22. Bxb5 Qxb5 23. Qd4 Rc4 24. a4 Qb3 25. Qd2 Bc2 26. Ne3 Bxd1 27. Nxc4
Qxc4 28. Qxd1 h6 29. a5 1/2-1/2

[Event "4NCL Division Four"]
[Site "Telford, ENG"]
[Date "2024.05.06"]
[Round "11.32"]
[White "Rathbone-Jones, Ifan"]
[Black "Pink, Joshua"]
[Result "1-0"]
[WhiteElo "2004"]
[BlackElo "1886"]
[PlyCount "35"]
[EventDate "2024.05.06"]
[WhiteTeam "ToBeDecided"]
[BlackTeam "Coventry"]

1. d4 Nf6 2. Nf3 e6 3. Bg5 d5 4. Nbd2 c5 5. e4 dxe4 6. Bxf6 Qa5 7. Ne5 cxd4 8.
Qh5 Qc7 9. Bb5+ Nc6 10. Bd8 Kxd8 11. Nxf7+ Kd7 12. Nxh8 e3 13. fxe3 dxe3 14.
Qf7+ Be7 15. Nc4 Qb8 16. Bxc6+ Kxc6 17. Qxe7 Qf4 18. Qd6+ 1-0

[Event "4NCL Division Four"]
[Site "Telford, ENG"]
[Date "2024.05.06"]
[Round "11.33"]
[White "Goodwin, Ed H"]
[Black "Larkin, Benjamin"]
[Result "1/2-1/2"]
[WhiteElo "1898"]
[BlackElo "1934"]
[PlyCount "118"]
[EventDate "2024.05.06"]
[WhiteTeam "Coventry"]
[BlackTeam "ToBeDecided"]

1. d4 Nf6 2. Nf3 g6 3. c4 Bg7 4. Nc3 d5 5. e3 O-O 6. Be2 dxc4 7. Bxc4 c5 8. O-O
cxd4 9. exd4 Bg4 10. d5 Nbd7 11. h3 Bxf3 12. Qxf3 Ne5 13. Qe2 Nxc4 14. Qxc4 Rc8
15. Qb3 Qd7 16. Be3 b6 17. Rad1 Rfd8 18. Rd2 Ne8 19. Bg5 h6 20. Be3 Nd6 21.
Rfd1 Nc4 22. Rd3 Nxe3 23. Rxe3 Rc5 24. Rde1 Bf6 25. Ne4 Rxd5 26. Nxf6+ exf6 27.
Re7 Qb5 28. Rxa7 Qxb3 29. axb3 Rd1 30. Kf1 R1d2 31. Re2 Rd1+ 32. Re1 R1d5 33.
Ree7 Re5 34. Rxe5 fxe5 35. Rb7 Rd6 36. Ke2 Kg7 37. Ke3 Kf6 38. g4 Ke6 39. Rb8
f5 40. Rh8 f4+ 41. Ke2 e4 42. Rxh6 f3+ 43. Ke1 Ke5 44. Rh8 Kd4 45. Re8 Kd3 46.
Rc8 g5 47. Rc7 Rd5 48. Rc3+ Kd4 49. Rc8 Rc5 50. Rd8+ Ke5 51. Re8+ Kd4 52. Rd8+
Rd5 53. Rc8 Rd6 54. Rg8 Rd5 55. Rc8 b5 56. Rc7 Rc5 57. Rd7+ Ke5 58. Re7+ Kd5
59. Kd2 Kd4 1/2-1/2

[Event "4NCL Division Four"]
[Site "Telford, ENG"]
[Date "2024.05.06"]
[Round "11.34"]
[White "Honey, Luke Anthony"]
[Black "Graff, Ben"]
[Result "1-0"]
[WhiteElo "1996"]
[BlackElo "1858"]
[PlyCount "109"]
[EventDate "2024.05.06"]
[WhiteTeam "ToBeDecided"]
[BlackTeam "Coventry"]

1. e4 Nc6 2. d4 d5 3. e5 Bf5 4. c3 f6 5. Nf3 e6 6. Nbd2 Nh6 7. Bb5 a6 8. Bxc6+
bxc6 9. O-O Nf7 10. exf6 gxf6 11. Nh4 Bg6 12. Nxg6 hxg6 13. Qg4 Qd6 14. Nf3 g5
15. Re1 Kd7 16. Qg3 Qe7 17. h4 Qe8 18. hxg5 Bd6 19. Bf4 Nxg5 20. Nxg5 Bxf4 21.
Qxf4 fxg5 22. Qe5 Qg6 23. Re3 Rh6 24. Rae1 Rah8 25. f3 g4 26. Qg3 Rh1+ 27. Kf2
Rxe1 28. Rxe1 Rf8 29. Kg1 Rg8 30. Qxg4 Qxg4 31. fxg4 Rxg4 32. Kf2 Kd6 33. Kf3
Rg6 34. b4 Rf6+ 35. Kg3 Rg6+ 36. Kh2 Rh6+ 37. Kg1 Rg6 38. Re3 Rg5 39. Kf2 Ke7
40. Rf3 Rf5 41. g4 Rg5 42. Kg3 Rg8 43. Rf4 a5 44. a3 axb4 45. axb4 Rg7 46. Rf3
Ke8 47. Kh4 Re7 48. g5 e5 49. dxe5 Rxe5 50. g6 Re7 51. Kg5 Rd7 52. Kh6 Rd6 53.
Kh7 d4 54. g7 Rd7 55. Kh8 1-0

[Event "4NCL Division Four"]
[Site "Telford, ENG"]
[Date "2024.05.06"]
[Round "11.35"]
[White "Towers, Nigel S"]
[Black "Rathbone-Jones, Nerys"]
[Result "1-0"]
[WhiteElo "1837"]
[BlackElo "600"]
[PlyCount "71"]
[EventDate "2024.05.06"]
[WhiteTeam "Coventry"]
[BlackTeam "ToBeDecided"]

1. e4 g6 2. d4 Bg7 3. Nc3 c6 4. f4 Nf6 5. Nf3 O-O 6. Bd3 d5 7. e5 Ng4 8. h3 Nf2
9. Kxf2 Nd7 10. g4 b5 11. Qg1 f6 12. e6 Ne5 13. fxe5 fxe5 14. dxe5 Qb6+ 15. Kg2
Bxe6 16. Qxb6 axb6 17. Be3 b4 18. Ne2 Rxf3 19. Kxf3 Rf8+ 20. Kg2 Bxe5 21. Raf1
Bxb2 22. Rxf8+ Kxf8 23. Rf1+ Kg7 24. Bxb6 d4 25. Bxd4+ Bxd4 26. Nxd4 Bd5+ 27.
Kg3 c5 28. Nf3 c4 29. Be2 b3 30. axb3 cxb3 31. cxb3 Bxb3 32. Nd4 Bd5 33. Bd1 e6
34. Bb3 Bxb3 35. Nxb3 e5 36. g5 1-0

[Event "4NCL Division Four"]
[Site "Telford, ENG"]
[Date "2024.05.06"]
[Round "11.41"]
[White "Shek, Daniel"]
[Black "Madan, Augustin"]
[Result "0-1"]
[WhiteElo "1997"]
[BlackElo "2278"]
[PlyCount "82"]
[EventDate "2024.05.06"]
[WhiteTeam "Crowthorne B"]
[BlackTeam "Desert Penguins"]

1. c4 e5 2. Nc3 Bb4 3. Nd5 a5 4. e3 Nf6 5. Nf3 Nxd5 6. cxd5 e4 7. Nd4 Qg5 8.
Qc2 Qxd5 9. Bc4 Qe5 10. f4 exf3 11. Nxf3 Qe7 12. O-O O-O 13. Bd3 h6 14. Qxc7
Nc6 15. Qf4 d5 16. Qh4 Be6 17. Qxe7 Bxe7 18. Bb5 Bf6 19. Bxc6 bxc6 20. d4 Rfb8
21. Rf2 a4 22. Rc2 Ra6 23. Ne1 Bf5 24. Rd2 Be7 25. Nd3 Rb5 26. Kf2 f6 27. h3 g5
28. Ke2 h5 29. Kd1 h4 30. Rb1 Rab6 31. Kc2 c5 32. dxc5 Bxc5 33. Rf2 Be4 34. Kd2
d4 35. Ke2 Rd6 36. Nxc5 Bxb1 37. Nxa4 Bxa2 38. exd4 Rxd4 39. Nc3 Bc4+ 40. Ke1
Re5+ 41. Ne2 Rde4 0-1

[Event "4NCL Division Four"]
[Site "Telford, ENG"]
[Date "2024.05.06"]
[Round "11.42"]
[White "Bansal, Rohan"]
[Black "Coates, Kenneth G"]
[Result "1-0"]
[WhiteElo "1990"]
[BlackElo "1932"]
[PlyCount "54"]
[EventDate "2024.05.06"]
[WhiteTeam "Desert Penguins"]
[BlackTeam "Crowthorne B"]

1. c4 c6 2. Nf3 d5 3. b3 Nf6 4. Bb2 Bf5 5. d3 e6 6. Nbd2 h6 7. g3 Be7 8. Bg2
O-O 9. O-O Nbd7 10. Re1 Qc7 11. a3 Rad8 12. b4 Bh7 13. Qc2 Rfe8 14. Rac1 a5 15.
cxd5 exd5 16. b5 c5 17. Qb3 Qd6 18. e4 dxe4 19. dxe4 Qe6 20. e5 Ng4 21. h3 c4
22. Qxc4 Nxf2 23. Qxe6 fxe6 24. Kxf2 Nc5 25. Bf1 Bd3 26. Bd4 Ne4+ 27. Nxe4 Bxe4
1-0

[Event "4NCL Division Four"]
[Site "Telford, ENG"]
[Date "2024.05.06"]
[Round "11.43"]
[White "Chapman, Timothy J"]
[Black "Bharat Kumar, Balahari"]
[Result "0-1"]
[WhiteElo "1759"]
[BlackElo "1895"]
[PlyCount "70"]
[EventDate "2024.05.06"]
[WhiteTeam "Crowthorne B"]
[BlackTeam "Desert Penguins"]

1. d4 d5 2. c4 e6 3. Nf3 a6 4. e3 Nf6 5. Nbd2 Be7 6. Bd3 O-O 7. O-O dxc4 8.
Nxc4 b5 9. Nce5 c5 10. dxc5 Bxc5 11. b3 h6 12. Bb2 Bb7 13. Rc1 Qe7 14. Bb1 Rc8
15. Qd2 Nbd7 16. Nxd7 Nxd7 17. Qd3 Nf8 18. Ne5 Bb6 19. Rxc8 Rxc8 20. Rd1 f5 21.
f3 Rd8 22. Bd4 Bxd4 23. exd4 Qg5 24. Qd2 Qxd2 25. Rxd2 Nd7 26. Nxd7 Rxd7 27.
Kf2 Kf7 28. Ke3 g5 29. g3 Ke7 30. f4 Kf6 31. Bc2 Rc7 32. Bd1 Rc3+ 33. Rd3 Rc1
34. Rd2 Be4 35. Bf3 Rc3+ 0-1

[Event "4NCL Division Four"]
[Site "Telford, ENG"]
[Date "2024.05.06"]
[Round "11.44"]
[White "Quillaud, Maxime"]
[Black "Leadbetter, Scott"]
[Result "1-0"]
[WhiteElo "1903"]
[BlackElo "1747"]
[PlyCount "99"]
[EventDate "2024.05.06"]
[WhiteTeam "Desert Penguins"]
[BlackTeam "Crowthorne B"]

1. d4 Nf6 2. c4 c5 3. e3 cxd4 4. exd4 e6 5. Nf3 d5 6. Nc3 h6 7. a3 a5 8. Bf4
Bd6 9. Ne5 Bd7 10. Nxf7 Kxf7 11. Bxd6 dxc4 12. Bxb8 Rxb8 13. Bxc4 b5 14. Bb3 b4
15. axb4 axb4 16. Na4 Bb5 17. Nc5 Re8 18. Ra7+ Kg8 19. f3 Nd5 20. Kf2 Nf4 21.
g3 Nd3+ 22. Ke3 Nxc5 23. dxc5 Qg5+ 24. f4 Qxc5+ 25. Qd4 Qxd4+ 26. Kxd4 Rbc8 27.
Re1 Red8+ 28. Ke5 Bc4 29. Bxc4 Rxc4 30. Re2 Rc5+ 31. Kxe6 Rc6+ 32. Kf5 Rf6+ 33.
Kg4 Rf7 34. Rxf7 Kxf7 35. Re4 b3 36. Re3 Rb8 37. Kf3 Kf6 38. h3 g5 39. fxg5+
hxg5 40. Ke2 Kf5 41. Kf3 Rb4 42. g4+ Kf6 43. Ke2 Rb5 44. Kd3 Rb7 45. Kc4 Rb6
46. Rxb3 Rxb3 47. Kxb3 Ke5 48. Kc4 Kd6 49. Kd4 Ke6 50. Kc5 1-0

[Event "4NCL Division Four"]
[Site "Telford, ENG"]
[Date "2024.05.06"]
[Round "11.45"]
[White "Haslehurst, Harriet"]
[Black "Ding, Yiwen"]
[Result "0-1"]
[WhiteElo "1718"]
[BlackElo "1806"]
[PlyCount "102"]
[EventDate "2024.05.06"]
[WhiteTeam "Crowthorne B"]
[BlackTeam "Desert Penguins"]

1. d4 d5 2. Nf3 a6 3. Bf4 Bf5 4. e3 e6 5. c4 Nf6 6. Nc3 Be7 7. Be2 O-O 8. Nh4
Bg6 9. Nxg6 hxg6 10. O-O dxc4 11. Bxc4 c5 12. d5 exd5 13. Nxd5 Nxd5 14. Bxd5
Ra7 15. a4 b6 16. Qb3 Bd6 17. Rfd1 Rd7 18. Bxd6 Rxd6 19. e4 Qf6 20. Rd3 Nc6 21.
Rf3 Qe7 22. Rf4 Nd4 23. Qd3 Rxd5 24. exd5 Ne2+ 25. Kf1 Nxf4 26. Qc4 Qg5 27. g3
Nxd5 28. Qxa6 Qf6 29. Qe2 Qc6 30. Qf3 Nb4 31. Qxc6 Nxc6 32. Re1 Nd4 33. Re3 Ra8
34. b3 f6 35. Kg2 Kf7 36. g4 Re8 37. Rc3 Re2 38. a5 bxa5 39. Rxc5 Nxb3 40. Rb5
Rb2 41. Rb7+ Kg8 42. Ra7 Ra2 43. Kg3 a4 44. h4 Nd4 45. Kf4 Nc6 46. Ra8+ Kf7 47.
f3 a3 48. g5 fxg5+ 49. hxg5 Ra1 50. Ra6 Ne7 51. Ra7 a2 0-1

[Event "4NCL Division Four"]
[Site "Telford, ENG"]
[Date "2024.05.06"]
[Round "11.46"]
[White "Ding, Yicheng"]
[Black "McKean, Matthew"]
[Result "1/2-1/2"]
[WhiteElo "1602"]
[BlackElo "1564"]
[PlyCount "119"]
[EventDate "2024.05.06"]
[WhiteTeam "Desert Penguins"]
[BlackTeam "Crowthorne B"]

1. d4 Nf6 2. c4 g6 3. Nf3 Bg7 4. Bg5 Ne4 5. Bf4 d5 6. cxd5 Bg4 7. Nfd2 Nxf2 8.
Kxf2 Bxd4+ 9. Be3 Bxb2 10. Nb3 Bxa1 11. Nxa1 e6 12. Qa4+ Nd7 13. Qxg4 Qf6+ 14.
Qf4 Qxa1 15. dxe6 fxe6 16. Bd4 Qxb1 17. Bxh8 O-O-O 18. Bg7 Nb6 19. g3 Nd5 20.
Bg2 Qxh1 21. Bxh1 Nxf4 22. gxf4 Rd2 23. a3 c5 24. Ke3 Ra2 25. Bf3 Rxa3+ 26. Kd2
Rxf3 27. exf3 Kc7 28. Be5+ Kc6 29. Kc3 b5 30. Kb3 a5 31. Bb2 c4+ 32. Kc2 Kd5
33. Bc3 b4 34. Be1 Kc5 35. Bf2+ Kb5 36. Bd4 a4 37. Kb2 a3+ 38. Kc2 Ka4 39. Kb1
Kb3 40. Ba1 Ka4 41. Kc2 Ka5 42. Bd4 Kb5 43. Bf6 b3+ 44. Kb1 Ka4 45. Bc3 Kb5 46.
Bf6 b2 47. Bc3 Ka4 48. Ka2 Kb5 49. Kb1 Kc5 50. h4 h6 51. Kc2 Kc6 52. Kb1 Kb5
53. Ka2 Ka4 54. Bd2 Kb5 55. Bc3 Kc5 56. Kb1 Kd5 57. Kc2 Kc5 58. Kb1 Kd5 59. Kc2
Kc5 60. Kb1 1/2-1/2

[Event "4NCL Division Four"]
[Site "Telford, ENG"]
[Date "2024.05.06"]
[Round "11.51"]
[White "Vaddhireddy, Sai"]
[Black "Kothari, Jai"]
[Result "0-1"]
[WhiteElo "1844"]
[BlackElo "2143"]
[PlyCount "42"]
[EventDate "2024.05.06"]
[WhiteTeam "Apprentice Woodpushers"]
[BlackTeam "Guildford Young Guns"]

1. d4 Nf6 2. c4 c5 3. d5 b5 4. cxb5 a6 5. bxa6 Bxa6 6. Nc3 g6 7. g3 d6 8. Bg2
Bg7 9. Nf3 O-O 10. O-O Qb6 11. Qc2 Nbd7 12. h3 Rfb8 13. Rd1 Ne8 14. b3 Bxe2 15.
Re1 Bxf3 16. Bxf3 Ne5 17. Bg2 c4 18. bxc4 Qa5 19. Bd2 Nxc4 20. Ne4 Nxd2 21.
Nxd2 Rb2 0-1

[Event "4NCL Division Four"]
[Site "Telford, ENG"]
[Date "2024.05.06"]
[Round "11.52"]
[White "Sefton, Adam"]
[Black "Doherty, Paul"]
[Result "1-0"]
[WhiteElo "1926"]
[BlackElo "1788"]
[PlyCount "121"]
[EventDate "2024.05.06"]
[WhiteTeam "Guildford Young Guns"]
[BlackTeam "Apprentice Woodpushers"]

1. e4 d6 2. d4 Nf6 3. Nc3 c6 4. Be3 Qa5 5. Qd2 e5 6. f3 Be7 7. Bd3 b5 8. Nge2
Na6 9. O-O O-O 10. Kh1 b4 11. Nd1 c5 12. d5 Qc7 13. b3 Qd7 14. Nb2 Nc7 15. a4
Ba6 16. Bxa6 Nxa6 17. Nc4 Ne8 18. Ng3 g6 19. f4 f6 20. Rf3 Ng7 21. Raf1 Nc7 22.
fxe5 fxe5 23. Bh6 Rxf3 24. Rxf3 Rf8 25. Qf2 Rxf3 26. Qxf3 Qe8 27. Na5 Bf8 28.
Nc6 a6 29. Bg5 Qf7 30. Qe2 h5 31. Nf1 Nge8 32. Ne3 Kh7 33. g4 Bh6 34. Bxh6 Kxh6
35. gxh5 gxh5 36. Nf5+ Kh7 37. Qd2 Qf6 38. Qd1 Qg5 39. h4 Qg4 40. Qxg4 hxg4 41.
Nce7 Ng7 42. Nxd6 Nh5 43. Ndf5 Nf6 44. Ng3 Kg7 45. Nef5+ Kf7 46. Nd6+ Kg6 47.
Nb7 Nd7 48. Kg2 Ne8 49. Nd8 Nef6 50. Ne6 Nh5 51. Nxh5 Kxh5 52. Kg3 a5 53. d6
Kg6 54. Kxg4 Kf6 55. Nc7 Kg6 56. Kf3 Kh5 57. Ke3 Kxh4 58. Kd3 Kg5 59. Kc4 Kf4
60. Kd5 Nf8 61. Ne6+ 1-0

[Event "4NCL Division Four"]
[Site "Telford, ENG"]
[Date "2024.05.06"]
[Round "11.53"]
[White "Altoft, Harry"]
[Black "Welling, Zac"]
[Result "0-1"]
[WhiteElo "1785"]
[BlackElo "1922"]
[PlyCount "86"]
[EventDate "2024.05.06"]
[WhiteTeam "Apprentice Woodpushers"]
[BlackTeam "Guildford Young Guns"]

1. e4 c5 2. Nf3 d6 3. d4 cxd4 4. Nxd4 Nf6 5. Nc3 a6 6. Bc4 e6 7. O-O b5 8. Bb3
b4 9. Nce2 Nxe4 10. Qd3 Nc5 11. Qf3 Bb7 12. Ba4+ Nxa4 13. Qxb7 Nb6 14. Nc6 Nxc6
15. Qxc6+ Nd7 16. Nd4 Be7 17. Bd2 O-O 18. Bxb4 Ne5 19. Qe4 Qb6 20. c3 a5 21.
Ba3 Rfc8 22. Kh1 Bf8 23. b3 Rab8 24. Rfc1 d5 25. Qxe5 Bxa3 26. Rc2 Bd6 27. Qe2
a4 28. b4 Rc4 29. Rd1 Rbc8 30. Rd3 Be7 31. a3 Bf6 32. Nf3 Bxc3 33. Nd2 Bxd2 34.
Rdxd2 h6 35. h4 Rxh4+ 36. Kg1 Rhc4 37. g3 Qc6 38. Rxc4 dxc4 39. Rc2 Qd5 40. Rd2
Qc6 41. Qe5 c3 42. Rc2 Qc4 43. b5 Qd3 0-1

[Event "4NCL Division Four"]
[Site "Telford, ENG"]
[Date "2024.05.06"]
[Round "11.54"]
[White "Twisk, Sebastian"]
[Black "Bokade, Chinmay"]
[Result "1/2-1/2"]
[WhiteElo "1955"]
[BlackElo "1663"]
[PlyCount "69"]
[EventDate "2024.05.06"]
[WhiteTeam "Guildford Young Guns"]
[BlackTeam "Apprentice Woodpushers"]

1. e4 c5 2. c3 d5 3. exd5 Qxd5 4. Nf3 Nc6 5. Be2 e5 6. Na3 Bg4 7. Nc2 Qd7 8.
O-O f6 9. d4 exd4 10. cxd4 O-O-O 11. Bf4 g5 12. Bg3 h5 13. h3 Be6 14. dxc5 Qh7
15. Bd6 g4 16. Bd3 Qg7 17. Nfd4 gxh3 18. g3 h2+ 19. Kxh2 h4 20. Nxe6 hxg3+ 21.
Kg2 Rh2+ 22. Kg1 Qh6 23. Qg4 Rxd6 24. Nxf8+ Kd8 25. Ne6+ Rxe6 26. Qxg8+ Ke7 27.
Qxg3 Rh3 28. Qc7+ Kf8 29. Kg2 Ne5 30. Qc8+ Kf7 31. Qxb7+ Re7 32. Qd5+ Kf8 33.
Qd8+ Kf7 34. Qd5+ Kf8 35. Qd8+ 1/2-1/2

[Event "4NCL Division Four"]
[Site "Telford, ENG"]
[Date "2024.05.06"]
[Round "11.55"]
[White "Wilson, Jeff"]
[Black "Jennis, Alistair"]
[Result "0-1"]
[WhiteElo "1470"]
[BlackElo "1527"]
[PlyCount "36"]
[EventDate "2024.05.06"]
[WhiteTeam "Apprentice Woodpushers"]
[BlackTeam "Guildford Young Guns"]

1. e4 c5 2. Nf3 e6 3. d3 Nc6 4. Nbd2 g6 5. c3 Bg7 6. g3 Nf6 7. Bg2 O-O 8. O-O
Qc7 9. h3 d5 10. exd5 Nxd5 11. Nc4 Rd8 12. Ne3 Nxe3 13. Bxe3 Ne5 14. Nxe5 Bxe5
15. Qe2 Rb8 16. Rfd1 b6 17. Bf1 Ba6 18. Qc2 Bxg3 0-1

[Event "4NCL Division Four"]
[Site "Telford, ENG"]
[Date "2024.05.06"]
[Round "11.56"]
[White "Gaseltine, Arthur"]
[Black "Eccleston, Rowan"]
[Result "1-0"]
[WhiteElo "1387"]
[BlackElo "1436"]
[PlyCount "129"]
[EventDate "2024.05.06"]
[WhiteTeam "Guildford Young Guns"]
[BlackTeam "Apprentice Woodpushers"]

1. e4 Nc6 2. d4 d5 3. e5 f6 4. exf6 Nxf6 5. Nf3 Bg4 6. Be2 e6 7. O-O Bd6 8. Be3
O-O 9. Nbd2 Ne8 10. c4 Bf4 11. h3 Bxf3 12. Nxf3 Bxe3 13. fxe3 Nd6 14. Nd2 Qg5
15. Qb3 Na5 16. Qc3 dxc4 17. Nf3 Qd5 18. Ne5 Ne4 19. Qc2 Ng3 20. Rxf8+ Rxf8 21.
Bxc4 Nxc4 22. Qxc4 Qxc4 23. Nxc4 Ne2+ 24. Kh2 h5 25. Re1 Rf2 26. Ne5 Nxd4 27.
exd4 Rxb2 28. Rc1 c6 29. Ra1 Kh7 30. a4 Rb4 31. Nf3 Kh6 32. a5 Rb5 33. Ra2 g5
34. g4 h4 35. a6 b6 36. Re2 Kg7 37. Rxe6 Rb2+ 38. Kg1 Rb1+ 39. Kf2 Rb2+ 40. Re2
Rxe2+ 41. Kxe2 Kf6 42. Kd3 b5 43. Ne5 c5 44. Nd7+ Ke6 45. Nxc5+ Kd5 46. Kc3 Kd6
47. Kb4 Kd5 48. Kxb5 Kxd4 49. Ne6+ Ke5 50. Nxg5 Kf4 51. Kc6 Kxg5 52. Kb7 Kf4
53. Kxa7 Kg3 54. Kb8 Kxh3 55. g5 Kg3 56. a7 h3 57. a8=Q h2 58. Qh1 Kh3 59. g6
Kg4 60. g7 Kf5 61. g8=Q Kf6 62. Qxh2 Ke7 63. Qh6 Kd7 64. Qgg7+ Ke8 65. Qhh8#
1-0

[Event "4NCL Division Four"]
[Site "Telford, ENG"]
[Date "2024.05.06"]
[Round "11.61"]
[White "Davis, Lee"]
[Black "Sturt, Charles A"]
[Result "1-0"]
[WhiteElo "2037"]
[BlackElo "1768"]
[PlyCount "33"]
[EventDate "2024.05.06"]
[WhiteTeam "The Full Ponty"]
[BlackTeam "Celtic Tigers 3"]

1. d4 e6 2. Nf3 f5 3. g3 b6 4. Bg2 Bb7 5. O-O Nf6 6. c4 Be7 7. Nc3 O-O 8. d5
Na6 9. Nd4 Qc8 10. Bf4 Ne8 11. dxe6 Bxg2 12. Kxg2 d6 13. Nd5 Qb7 14. Kg1 c5 15.
Nc6 Kh8 16. Ncxe7 Nb8 17. Qd3 1-0

[Event "4NCL Division Four"]
[Site "Telford, ENG"]
[Date "2024.05.06"]
[Round "11.62"]
[White "Cranston, Adam"]
[Black "Fletcher, John"]
[Result "0-1"]
[WhiteElo "1799"]
[BlackElo "2007"]
[PlyCount "58"]
[EventDate "2024.05.06"]
[WhiteTeam "Celtic Tigers 3"]
[BlackTeam "The Full Ponty"]

1. d4 Nf6 2. Bf4 g6 3. Nc3 d5 4. e3 Bg7 5. h4 Bf5 6. Be2 h5 7. Nf3 O-O 8. Ne5
Qc8 9. f3 c5 10. g4 hxg4 11. fxg4 Be4 $11 12. Rh2 Nc6 13. h5 cxd4 14. exd4 gxh5
15. gxh5 Qf5 16. Nxe4 Qxf4 17. Nxf6+ Bxf6 18. Rg2+ Kh8 19. Qd3 Bh4+ 20. Kd1
Nxe5 21. dxe5 Qxe5 22. Rg4 Qf6 23. Qe3 e5 24. c3 d4 25. cxd4 exd4 26. Rxd4 Rad8
27. Rxd8 Rxd8+ 28. Kc2 Bg5 29. Qc3 Rd2+ 0-1

[Event "4NCL Division Four"]
[Site "Telford, ENG"]
[Date "2024.05.06"]
[Round "11.63"]
[White "Adams, Mark"]
[Black "Perchard, Matthew"]
[Result "1/2-1/2"]
[WhiteElo "2013"]
[BlackElo "1570"]
[PlyCount "87"]
[EventDate "2024.05.06"]
[WhiteTeam "The Full Ponty"]
[BlackTeam "Celtic Tigers 3"]

1. e4 e6 2. d4 d5 3. Nc3 Bb4 4. e5 c5 5. Bd2 Bxc3 6. Bxc3 cxd4 7. Bxd4 Ne7 8.
f4 Nbc6 9. Nf3 Bd7 10. Qd2 Nxd4 11. Nxd4 Qb6 12. O-O-O a5 13. g4 a4 14. a3 Qc5
15. h4 b5 16. Rh3 O-O 17. Qb4 Rfc8 18. h5 Rab8 19. Rc3 Qxb4 20. Rxc8+ Nxc8 21.
axb4 Nb6 22. Nxb5 Nc4 23. Bxc4 Bxb5 24. Bxb5 Rxb5 25. c3 Kf8 26. Kc2 Rb8 27.
Ra1 Ra8 28. Kd3 Ke7 29. b3 a3 30. c4 Kd7 31. Kd4 Kc6 32. Kc3 Ra7 33. b5+ Kc5
34. b4+ Kb6 35. Kb3 dxc4+ 36. Kxc4 a2 37. f5 $11 g6 38. hxg6 hxg6 39. fxg6 fxg6
40. Kc3 Ra3+ 41. Kb2 Ra4 42. Rxa2 Rxb4+ 43. Kc3 Kxb5 44. Ra6 1/2-1/2

[Event "4NCL Division Four"]
[Site "Telford, ENG"]
[Date "2024.05.06"]
[Round "11.64"]
[White "Rose, Peter"]
[Black "Perrett, David C"]
[Result "0-1"]
[WhiteElo "1662"]
[BlackElo "2013"]
[PlyCount "94"]
[EventDate "2024.05.06"]
[WhiteTeam "Celtic Tigers 3"]
[BlackTeam "The Full Ponty"]

1. d4 f5 2. Bf4 Nf6 3. e3 g6 4. h4 h6 5. Nc3 d6 6. Bb5+ c6 7. Bd3 Qa5 8. Qd2 e5
9. dxe5 dxe5 10. Bh2 Be6 11. Nf3 Nbd7 12. e4 Bb4 13. exf5 gxf5 14. O-O Ng4 15.
a3 Nxh2 16. Nxh2 Bxc3 17. bxc3 O-O-O 18. Rfe1 Nf6 19. Qe2 e4 20. Bc4 Bd5 21.
Bxd5 Rxd5 22. Qe3 Qc5 23. Nf1 Ng4 24. Qg3 h5 25. Ne3 f4 26. Qxf4 Rf8 27. Qxf8+
Qxf8 28. Nxg4 hxg4 29. Rxe4 Qf5 30. Rae1 Rd2 31. R1e2 Rxe2 32. Rxe2 Kc7 33. g3
Kb6 34. Rd2 c5 35. c4 Qe5 36. Rd3 Qe1+ 37. Kg2 Qe4+ 38. Kg1 Qxc4 39. f3 Qxc2
40. Re3 Qc1+ 41. Kf2 Qd2+ 42. Re2 Qd4+ 43. Re3 c4 44. fxg4 Qxg4 45. Kg2 Kc5 46.
Re5+ Kd6 47. Rg5 Qxg5 0-1

[Event "4NCL Division Four"]
[Site "Telford, ENG"]
[Date "2024.05.06"]
[Round "11.65"]
[White "Roberts, David L"]
[Black "Flavell, Archie"]
[Result "1/2-1/2"]
[WhiteElo "1992"]
[BlackElo "1634"]
[PlyCount "102"]
[EventDate "2024.05.06"]
[WhiteTeam "The Full Ponty"]
[BlackTeam "Celtic Tigers 3"]

1. e4 c5 2. Nf3 d6 3. d3 Nc6 4. g3 Bg4 5. h3 Bxf3 6. Qxf3 e6 7. c3 Nf6 8. Bg2
Be7 9. O-O Qb6 10. Qe2 O-O 11. Nd2 Rad8 12. Nf3 h6 13. Re1 Ne8 14. Rb1 Bf6 15.
Bd2 Qc7 16. Be3 Kh7 17. d4 cxd4 18. cxd4 g6 19. b4 d5 20. e5 Bg7 21. Rec1 Qd7
22. Bd2 f6 23. b5 Ne7 24. exf6 Bxf6 25. Bf4 Nf5 26. Be5 Qe7 27. Qd3 Rg8 28. Rc2
Bxe5 29. Nxe5 Ned6 30. Rbc1 Rc8 31. Rc5 Rxc5 32. Rxc5 Nf7 33. Nxf7 Qxf7 34. Qc3
Qf6 35. Rc7+ Rg7 36. Rc8 Qxd4 37. Qxd4 Nxd4 38. a4 Rd7 39. f4 Kg7 40. Kf2 b6
41. Bf1 Nb3 42. Bd3 Nc5 43. Bc2 g5 44. f5 e5 45. Rc6 e4 46. a5 d4 47. axb6 axb6
48. Rxb6 d3 49. Bd1 Rb7 50. Rxb7+ Nxb7 51. b6 Kf6 $11 1/2-1/2

[Event "4NCL Division Four"]
[Site "Telford, ENG"]
[Date "2024.05.06"]
[Round "11.66"]
[White "Rigby, Charles"]
[Black "Hughes, Anthony"]
[Result "1/2-1/2"]
[WhiteElo "1543"]
[BlackElo "1854"]
[PlyCount "53"]
[EventDate "2024.05.06"]
[WhiteTeam "Celtic Tigers 3"]
[BlackTeam "The Full Ponty"]

1. d4 d5 2. c4 e6 3. Nc3 Nf6 4. cxd5 exd5 5. Bg5 c6 6. e3 Be7 7. Bd3 h6 8. Bh4
O-O 9. Qc2 Re8 10. Nge2 a5 11. O-O b5 12. a3 Nbd7 13. f3 Ba6 14. Rfc1 Nb6 15.
Bxf6 Bxf6 16. Qd2 Ra7 17. e4 dxe4 18. Nxe4 Bxd4+ 19. Nxd4 Qxd4+ 20. Nf2 c5 21.
Qxa5 c4 22. Be4 Nc8 23. a4 bxa4 24. Qxa4 Qe5 25. Re1 g6 26. Qc6 Bb5 27. Qd5
1/2-1/2

[Event "4NCL Division Four"]
[Site "Telford, ENG"]
[Date "2024.05.06"]
[Round "11.71"]
[White "Gunarathne, Senith Thenula"]
[Black "Rubeck, Jonathan"]
[Result "1/2-1/2"]
[WhiteElo "1940"]
[BlackElo "1927"]
[PlyCount "122"]
[EventDate "2024.05.06"]
[WhiteTeam "Ashfield 2"]
[BlackTeam "Watford A"]

1. e4 e6 2. d4 d5 3. exd5 exd5 4. Nf3 Nf6 5. Bd3 Be7 6. O-O O-O 7. Bf4 Nc6 8.
Nc3 Bg4 9. Be2 Ne4 10. Ne5 Nxc3 11. bxc3 Bxe2 12. Qxe2 Nxe5 13. Bxe5 Bd6 14.
Bxd6 Qxd6 15. Rfe1 Qc6 16. Qd3 Rfe8 17. h3 g6 18. Kf1 Qd6 19. g3 Qc6 20. Rab1
b6 21. h4 Qa4 22. Rxe8+ Rxe8 23. Qb5 Qxb5+ 24. Rxb5 c6 25. Rb4 f5 26. Ra4 Re7
27. c4 dxc4 28. Rxc4 Re6 29. Ra4 a5 30. Ra3 Kf7 31. Rb3 b5 32. Rd3 Rd6 33. Ke2
Ke6 34. Re3+ Kf6 35. Rd3 h6 36. Kf3 g5 37. h5 b4 38. g4 a4 39. Kg3 Ke6 40. c4
bxc3 41. Rxc3 fxg4 42. Rc4 Kd5 43. Rxa4 Rf6 44. Rb4 Rf3+ 45. Kg2 Ra3 46. Rb7
Kxd4 47. Rh7 c5 48. Rxh6 c4 49. Rc6 Rxa2 50. h6 Ra3 51. h7 Rh3 52. Rc7 Rh4 53.
Rd7+ Ke4 54. Rc7 Kd3 55. Rd7+ Kc2 56. Rc7 c3 57. Kg1 Kd2 58. Rd7+ Kc1 59. Rc7
c2 60. Kg2 Kd2 61. Rd7+ Kc1 1/2-1/2